[Event "High League 2022 men"]
[Site "Obninsk"]
[Date "2022.06.30"]
[Round "5.21"]
[White "Ekdyshman, Mikhail"]
[Black "Sutormin, Danila"]
[Result "0-1"]
[LiveChessVersion "1.4.7"]
[BlackElo "2382"]
[WhiteElo "2307"]

1. c4 {[%clk 1:29:46]} Nf6 {[%clk 1:29:52]} 2. Nc3 {[%clk 1:30:12]} g6
{[%clk 1:29:50]} 3. g3 {[%clk 1:30:28]} Bg7 {[%clk 1:29:41]} 4. Bg2
{[%clk 1:30:50]} O-O {[%clk 1:30:04]} 5. Nf3 {[%clk 1:30:06]} d6 {[%clk 1:26:17]}
6. O-O {[%clk 1:30:21]} e5 {[%clk 1:25:47]} 7. d3 {[%clk 1:30:29]} c6
{[%clk 1:25:09]} 8. Rb1 {[%clk 1:29:17]} Re8 {[%clk 1:25:14]} 9. Bg5
{[%clk 1:27:26]} h6 {[%clk 1:06:11]} 10. Bxf6 {[%clk 1:27:40]} Bxf6
{[%clk 1:05:02]} 11. e4 {[%clk 1:27:39]} a5 {[%clk 0:59:23]} 12. a3
{[%clk 1:26:37]} Na6 {[%clk 0:59:17]} 13. b4 {[%clk 1:26:31]} axb4
{[%clk 0:59:20]} 14. axb4 {[%clk 1:27:00]} Be6 {[%clk 0:58:29]} 15. Ne1
{[%clk 1:24:59]} Qd7 {[%clk 0:46:06]} 16. Nc2 {[%clk 1:24:50]} h5
{[%clk 0:44:02]} 17. Qd2 {[%clk 1:18:40]} Qe7 {[%clk 0:33:22]} 18. f4
{[%clk 1:15:33]} exf4 {[%clk 0:33:38]} 19. gxf4 {[%clk 1:15:54]} Nc7
{[%clk 0:29:53]} 20. Rbe1 {[%clk 1:11:26]} Bd7 {[%clk 0:29:23]} 21. d4
{[%clk 1:09:34]} Bg7 {[%clk 0:24:18]} 22. e5 {[%clk 1:08:16]} dxe5
{[%clk 0:13:38]} 23. fxe5 {[%clk 1:08:39]} Bf5 {[%clk 0:13:48]} 24. b5
{[%clk 0:54:06]} cxb5 {[%clk 0:10:31]} 25. cxb5 {[%clk 0:51:15]} Rad8
{[%clk 0:09:19]} 26. b6 {[%clk 0:49:49]} Ne6 {[%clk 0:09:23]} 27. d5
{[%clk 0:26:02]} Bxc2 {[%clk 0:08:52]} 28. Qxc2 {[%clk 0:25:54]} Nd4
{[%clk 0:08:56]} 29. Qf2 {[%clk 0:22:34]} Bxe5 {[%clk 0:09:21]} 30. Rxe5
{[%clk 0:14:34]} Qxe5 {[%clk 0:09:50]} 31. Qxf7+ {[%clk 0:15:02]} Kh8
{[%clk 0:10:19]} 32. Ne4 {[%clk 0:13:21]} Qg7 {[%clk 0:07:11]} 33. Nc5
{[%clk 0:07:15]} Re7 {[%clk 0:05:19]} 34. Qf2 {[%clk 0:04:42]} Rd6
{[%clk 0:05:09]} 35. Ne4 {[%clk 0:03:19]} Rxd5 {[%clk 0:04:38]} 36. Nf6
{[%clk 0:01:37]} Ne2+ {[%clk 0:04:00]} 37. Kh1 {[%clk 0:02:05]} Rf5
{[%clk 0:04:18]} 0-1

[Event "High League 2022 men"]
[Site "Obninsk"]
[Date "2022.06.30"]
[Round "5.22"]
[White "Goltsev, Dmitry"]
[Black "Shchukin, Maksim"]
[Result "0-1"]
[LiveChessVersion "1.4.7"]
[BlackElo "2361"]
[WhiteElo "2294"]

1. e4 {[%clk 1:30:12]} c5 {[%clk 1:30:54]} 2. Nf3 {[%clk 1:30:41]} Nc6
{[%clk 1:31:16]} 3. d4 {[%clk 1:30:43]} cxd4 {[%clk 1:31:40]} 4. Nxd4
{[%clk 1:31:05]} Qb6 {[%clk 1:32:04]} 5. Nb3 {[%clk 1:30:56]} Nf6
{[%clk 1:32:26]} 6. Nc3 {[%clk 1:31:16]} e6 {[%clk 1:32:51]} 7. Be3
{[%clk 1:30:33]} Qc7 {[%clk 1:33:15]} 8. a3 {[%clk 1:29:23]} a6 {[%clk 1:32:23]}
9. Be2 {[%clk 1:20:46]} Be7 {[%clk 1:32:37]} 10. O-O {[%clk 1:21:02]} O-O
{[%clk 1:32:33]} 11. f4 {[%clk 1:20:46]} d6 {[%clk 1:31:32]} 12. Bf3
{[%clk 1:17:54]} b5 {[%clk 1:30:02]} 13. Qe2 {[%clk 1:17:03]} Bb7
{[%clk 1:27:41]} 14. Rad1 {[%clk 1:17:00]} Nd7 {[%clk 1:25:25]} 15. Qf2
{[%clk 1:14:10]} Rab8 {[%clk 1:19:14]} 16. a4 {[%clk 0:47:44]} b4
{[%clk 1:05:07]} 17. Ne2 {[%clk 0:47:53]} Ba8 {[%clk 0:44:00]} 18. Nd2
{[%clk 0:42:55]} Na5 {[%clk 0:40:12]} 19. Rc1 {[%clk 0:39:29]} Nb7
{[%clk 0:30:19]} 20. b3 {[%clk 0:36:58]} Nbc5 {[%clk 0:30:32]} 21. g4
{[%clk 0:37:02]} e5 {[%clk 0:21:07]} 22. f5 {[%clk 0:36:51]} h6 {[%clk 0:17:17]}
23. Ng3 {[%clk 0:32:30]} Bh4 {[%clk 0:14:07]} 24. Qg2 {[%clk 0:32:09]} Nf6
{[%clk 0:13:46]} 25. Nh5 {[%clk 0:28:28]} Nxh5 {[%clk 0:06:25]} 26. gxh5
{[%clk 0:28:57]} Kh8 {[%clk 0:06:41]} 27. Kh1 {[%clk 0:27:24]} Bf6
{[%clk 0:06:45]} 28. Rcd1 {[%clk 0:24:39]} Rbd8 {[%clk 0:06:55]} 29. Nc4
{[%clk 0:21:59]} Rfe8 {[%clk 0:02:26]} 30. a5 {[%clk 0:20:59]} Bc6
{[%clk 0:00:32]} 31. Nb6 {[%clk 0:21:16]} d5 {[%clk 0:00:31]} 32. exd5
{[%clk 0:20:45]} e4 {[%clk 0:00:37]} 33. Be2 {[%clk 0:20:27]} Bb7
{[%clk 0:00:40]} 34. Rg1 {[%clk 0:19:58]} Nd7 {[%clk 0:00:36]} 35. Nc4
{[%clk 0:18:52]} Qb8 {[%clk 0:00:31]} 36. Qg3 {[%clk 0:15:57]} Ne5
{[%clk 0:00:41]} 37. Nb6 {[%clk 0:14:39]} Qc7 {[%clk 0:00:32]} 38. Rd2
{[%clk 0:14:57]} Qc3 {[%clk 0:00:34]} 39. Na4 {[%clk 0:13:47]} Qc8
{[%clk 0:00:32]} 40. Nc5 {[%clk 0:43:23]} Rxd5 {[%clk 0:30:32]} 41. Rxd5
{[%clk 0:26:26]} Bxd5 {[%clk 0:31:00]} 42. Rd1 {[%clk 0:26:45]} Ba8
{[%clk 0:26:33]} 43. Rd6 {[%clk 0:10:24]} Qxf5 {[%clk 0:20:06]} 44. Rxa6
{[%clk 0:10:26]} Nf3 {[%clk 0:16:03]} 45. Bb5 {[%clk 0:07:00]} Rd8
{[%clk 0:10:29]} 46. Bd7 {[%clk 0:06:14]} Qxh5 {[%clk 0:08:19]} 47. h3
{[%clk 0:02:05]} Bd4 {[%clk 0:04:45]} 48. Qc7 {[%clk 0:02:31]} Qh4
{[%clk 0:03:40]} 49. Bxd4 {[%clk 0:01:09]} Qe1+ {[%clk 0:02:44]} 50. Kg2
{[%clk 0:01:38]} Nh4+ {[%clk 0:03:03]} 51. Kh2 {[%clk 0:02:04]} Qe2+
{[%clk 0:02:59]} 52. Kg3 {[%clk 0:02:31]} Qg2+ 0-1

[Event "High League 2022 men"]
[Site "Obninsk"]
[Date "2022.07.02"]
[Round "6.1"]
[White "Afanasiev, Nikita"]
[Black "Artemiev, Vladislav"]
[Result "0-1"]
[LiveChessVersion "1.4.7"]
[BlackElo "2697"]
[WhiteElo "2583"]

1. e4 {[%clk 1:30:57]} c5 {[%clk 1:30:44]} 2. Nf3 {[%clk 1:31:22]} d6
{[%clk 1:30:48]} 3. d4 {[%clk 1:31:42]} cxd4 {[%clk 1:31:03]} 4. Nxd4
{[%clk 1:32:07]} Nf6 {[%clk 1:31:16]} 5. Nc3 {[%clk 1:32:31]} a6 {[%clk 1:31:14]}
6. f3 {[%clk 1:32:47]} e5 {[%clk 1:28:20]} 7. Nb3 {[%clk 1:33:09]} Be6
{[%clk 1:28:30]} 8. Be3 {[%clk 1:33:11]} h5 {[%clk 1:28:14]} 9. Qd2
{[%clk 1:32:13]} Be7 {[%clk 1:20:10]} 10. Nd5 {[%clk 1:30:27]} Nxd5
{[%clk 1:19:29]} 11. exd5 {[%clk 1:30:48]} Bf5 {[%clk 1:19:29]} 12. Qb4
{[%clk 1:14:20]} Nd7 {[%clk 0:56:18]} 13. Na5 {[%clk 1:12:01]} Qc7
{[%clk 0:47:02]} 14. Rc1 {[%clk 1:06:09]} O-O {[%clk 0:31:50]} 15. Be2 Rfc8
{[%clk 0:24:30]} 16. O-O {[%clk 0:48:01]} Bd8 {[%clk 0:23:29]} 17. Nb3
{[%clk 0:45:06]} a5 {[%clk 0:20:40]} 18. Qa3 {[%clk 0:45:13]} Nf6
{[%clk 0:12:30]} 19. c4 {[%clk 0:43:48]} Qd7 {[%clk 0:11:09]} 20. Nd2
{[%clk 0:38:30]} b5 {[%clk 0:09:42]} 21. Bd3 {[%clk 0:37:57]} Bxd3
{[%clk 0:04:42]} 22. Qxd3 {[%clk 0:38:22]} Qb7 {[%clk 0:02:38]} 23. Rfd1
{[%clk 0:14:43]} Bb6 {[%clk 0:01:30]} 24. Bxb6 {[%clk 0:14:35]} Qxb6+
{[%clk 0:01:56]} 25. Kh1 {[%clk 0:15:01]} bxc4 {[%clk 0:01:35]} 26. Nxc4
{[%clk 0:15:10]} Qa6 {[%clk 0:01:08]} 27. Rc3 {[%clk 0:13:20]} Rc5
{[%clk 0:01:00]} 28. Ne3 {[%clk 0:13:30]} Qb6 {[%clk 0:01:07]} 29. Rxc5
{[%clk 0:09:50]} Qxc5 {[%clk 0:01:32]} 30. Qc3 {[%clk 0:09:56]} Qxc3
{[%clk 0:00:37]} 31. bxc3 {[%clk 0:10:23]} Rb8 {[%clk 0:00:52]} 32. h4
{[%clk 0:10:19]} Kf8 {[%clk 0:01:02]} 33. a4 {[%clk 0:03:07]} Rc8
{[%clk 0:01:31]} 34. Rb1 {[%clk 0:02:40]} g6 {[%clk 0:01:22]} 35. c4
{[%clk 0:02:50]} Nd7 {[%clk 0:01:49]} 36. Rb5 {[%clk 0:03:09]} f5
{[%clk 0:01:39]} 37. Rxa5 {[%clk 0:01:58]} f4 {[%clk 0:02:02]} 38. Nf1
{[%clk 0:02:21]} Rxc4 {[%clk 0:00:43]} 39. Nd2 {[%clk 0:02:47]} Rc1+
{[%clk 0:01:04]} 40. Kh2 {[%clk 0:33:13]} Nc5 {[%clk 0:30:49]} 41. Ra8+
{[%clk 0:31:29]} Kg7 {[%clk 0:14:33]} 42. Rc8 {[%clk 0:20:02]} Rd1
{[%clk 0:09:37]} 43. Rc7+ {[%clk 0:19:18]} Kf6 {[%clk 0:05:53]} 44. Nc4
{[%clk 0:05:39]} e4 {[%clk 0:06:16]} 45. Nxd6 {[%clk 0:04:13]} e3
{[%clk 0:06:03]} 46. Rf7+ {[%clk 0:03:01]} Ke5 {[%clk 0:06:31]} 47. Ne4
{[%clk 0:03:23]} Nxe4 {[%clk 0:01:04]} 48. Re7+ {[%clk 0:03:44]} Kxd5
{[%clk 0:00:39]} 49. Rxe4 {[%clk 0:04:09]} Rd4 {[%clk 0:00:44]} 50. a5
{[%clk 0:02:50]} Rxe4 {[%clk 0:01:08]} 51. fxe4+ {[%clk 0:03:17]} Kd4
{[%clk 0:01:17]} 52. a6 {[%clk 0:03:20]} e2 {[%clk 0:01:21]} 53. a7
{[%clk 0:03:47]} e1=Q {[%clk 0:01:46]} 54. a8=Q {[%clk 0:04:12]} Qxh4+
{[%clk 0:02:08]} 55. Kg1 {[%clk 0:04:38]} Qe1+ {[%clk 0:02:20]} 56. Kh2
{[%clk 0:05:04]} Qxe4 {[%clk 0:01:34]} 57. Qa4+ {[%clk 0:05:20]} Ke5
{[%clk 0:01:49]} 58. Qe8+ {[%clk 0:05:41]} Kf5 {[%clk 0:02:13]} 59. Qf8+
{[%clk 0:05:23]} Kg4 {[%clk 0:02:10]} 60. Qc8+ {[%clk 0:05:42]} Qf5
{[%clk 0:01:59]} 61. Qc4 {[%clk 0:05:42]} Qe5 {[%clk 0:01:55]} 62. Qc8+
{[%clk 0:05:32]} Kh4 {[%clk 0:01:31]} 63. Qd8+ {[%clk 0:05:24]} g5
{[%clk 0:00:55]} 64. Kg1 {[%clk 0:04:43]} Kg3 {[%clk 0:00:46]} 65. Qd1
{[%clk 0:04:45]} Qe3+ {[%clk 0:00:54]} 66. Kh1 {[%clk 0:05:10]} f3
{[%clk 0:01:03]} 67. Qd6+ {[%clk 0:04:06]} Qf4 {[%clk 0:01:17]} 0-1

[Event "High League 2022 men"]
[Site "Obninsk"]
[Date "2022.07.02"]
[Round "6.2"]
[White "Sjugirov, Sanan"]
[Black "Sychev, Klementy"]
[Result "1-0"]
[LiveChessVersion "1.4.7"]
[BlackElo "2534"]
[WhiteElo "2696"]

1. d4 {[%clk 1:27:56]} d5 {[%clk 1:30:47]} 2. c4 {[%clk 1:28:10]} dxc4
{[%clk 1:31:10]} 3. Nf3 {[%clk 1:25:23]} Nf6 {[%clk 1:31:27]} 4. e3
{[%clk 1:25:35]} e6 {[%clk 1:31:12]} 5. Bxc4 {[%clk 1:25:04]} a6 {[%clk 1:31:35]}
6. O-O {[%clk 1:24:33]} Nbd7 {[%clk 1:31:05]} 7. Be2 {[%clk 0:48:26]} b6
{[%clk 1:30:06]} 8. b3 {[%clk 0:44:48]} Bb7 {[%clk 1:30:15]} 9. Bb2
{[%clk 0:45:10]} Be7 {[%clk 1:30:40]} 10. Nbd2 {[%clk 0:45:07]} O-O
{[%clk 1:31:01]} 11. Nc4 {[%clk 0:40:21]} c5 {[%clk 1:09:04]} 12. Rc1
{[%clk 0:34:16]} Rc8 {[%clk 1:07:24]} 13. Nce5 {[%clk 0:24:23]} Nxe5
{[%clk 0:34:57]} 14. Nxe5 {[%clk 0:24:13]} cxd4 {[%clk 0:27:45]} 15. Bxd4
{[%clk 0:18:47]} b5 {[%clk 0:27:08]} 16. a4 {[%clk 0:16:34]} Qd6 {[%clk 0:19:54]}
17. axb5 {[%clk 0:16:06]} axb5 {[%clk 0:18:41]} 18. Qd3 {[%clk 0:13:49]} Rxc1
{[%clk 0:09:39]} 19. Rxc1 {[%clk 0:14:01]} Bd5 {[%clk 0:04:25]} 20. Qxb5
{[%clk 0:09:48]} Qa3 {[%clk 0:01:23]} 21. Rb1 {[%clk 0:10:03]} Qa2
{[%clk 0:01:33]} 22. Rb2 {[%clk 0:09:55]} Qa8 {[%clk 0:01:37]} 23. f3
{[%clk 0:07:02]} Rb8 {[%clk 0:00:55]} 24. Ra2 {[%clk 0:06:19]} Rxb5
{[%clk 0:00:37]} 25. Rxa8+ {[%clk 0:06:45]} Bxa8 {[%clk 0:01:05]} 26. Bxb5
{[%clk 0:07:10]} Bd5 {[%clk 0:01:13]} 27. Ba4 {[%clk 0:05:33]} Kf8
{[%clk 0:01:23]} 28. e4 {[%clk 0:04:56]} Bb7 {[%clk 0:01:50]} 29. Kf2
{[%clk 0:04:50]} Ba3 {[%clk 0:02:12]} 30. Bb5 {[%clk 0:04:27]} Ke7
{[%clk 0:00:48]} 31. Nc6+ {[%clk 0:04:35]} Bxc6 {[%clk 0:00:56]} 32. Bxc6
{[%clk 0:05:00]} Bb4 {[%clk 0:00:32]} 33. Bb5 {[%clk 0:04:20]} g6
{[%clk 0:00:45]} 34. Ke2 {[%clk 0:04:41]} Nd7 {[%clk 0:00:46]} 35. Kd3
{[%clk 0:04:38]} Bd6 {[%clk 0:01:04]} 36. h3 {[%clk 0:02:01]} Ne5+
{[%clk 0:01:12]} 37. Kc3 {[%clk 0:02:21]} g5 {[%clk 0:01:32]} 38. b4
{[%clk 0:01:43]} Kd8 {[%clk 0:01:01]} 39. Be3 {[%clk 0:01:15]} f6
{[%clk 0:01:22]} 40. Bd4 {[%clk 0:31:04]} Kc7 {[%clk 0:30:43]} 41. Bc4
{[%clk 0:23:44]} Kd7 {[%clk 0:26:17]} 42. b5 {[%clk 0:18:31]} h5 {[%clk 0:19:25]}
43. Be2 {[%clk 0:17:27]} h4 {[%clk 0:19:35]} 44. f4 {[%clk 0:10:40]} Ng6
{[%clk 0:17:08]} 45. f5 {[%clk 0:08:58]} Nf4 {[%clk 0:11:45]} 46. Bf1
{[%clk 0:06:02]} exf5 {[%clk 0:08:09]} 47. exf5 {[%clk 0:06:28]} Be7
{[%clk 0:07:13]} 48. Kc4 {[%clk 0:06:36]} Kc7 {[%clk 0:07:19]} 49. b6+
{[%clk 0:05:24]} 1-0

[Event "High League 2022 men"]
[Site "Obninsk"]
[Date "2022.07.02"]
[Round "6.3"]
[White "Kokarev, Dmitry"]
[Black "Chigaev, Maksim"]
[Result "1/2-1/2"]
[LiveChessVersion "1.4.7"]
[BlackElo "2631"]
[WhiteElo "2582"]

1. e4 {[%clk 1:30:54]} c5 {[%clk 1:30:53]} 2. c3 {[%clk 1:31:16]} d5
{[%clk 1:30:54]} 3. exd5 {[%clk 1:31:35]} Qxd5 {[%clk 1:31:14]} 4. d4
{[%clk 1:31:55]} Nf6 {[%clk 1:31:25]} 5. Nf3 {[%clk 1:32:16]} e6 {[%clk 1:31:35]}
6. Na3 {[%clk 1:31:56]} Nc6 {[%clk 1:31:04]} 7. Be3 {[%clk 1:28:58]} cxd4
{[%clk 1:24:31]} 8. Nb5 {[%clk 1:29:13]} Qd8 {[%clk 1:24:49]} 9. Nbxd4
{[%clk 1:29:17]} Nd5 {[%clk 1:22:42]} 10. Nxc6 {[%clk 1:26:25]} bxc6
{[%clk 1:22:05]} 11. Bd2 Bd6 {[%clk 1:04:41]} 12. c4 {[%clk 1:18:05]} Nf6
{[%clk 1:03:44]} 13. Bd3 {[%clk 1:15:34]} O-O {[%clk 0:56:26]} 14. Bc3 Qe7
{[%clk 0:51:03]} 15. Ne5 {[%clk 1:02:07]} Bb4 {[%clk 4:15:06]} 16. Bxb4
{[%clk 0:57:15]} Qxb4+ {[%clk 0:47:01]} 17. Qd2 {[%clk 0:57:42]} Qxd2+
{[%clk 0:46:55]} 18. Kxd2 {[%clk 0:57:59]} c5 {[%clk 0:47:05]} 19. Rhe1
{[%clk 0:51:48]} Bb7 {[%clk 0:46:54]} 20. g3 {[%clk 0:45:31]} Rfd8
{[%clk 0:46:57]} 21. Kc3 {[%clk 0:45:46]} Kf8 {[%clk 0:45:45]} 22. Rad1 1/2-1/2

[Event "High League 2022 men"]
[Site "Obninsk"]
[Date "2022.07.02"]
[Round "6.4"]
[White "Iljiushenok, Ilia"]
[Black "Sviridov, Valery"]
[Result "1/2-1/2"]
[LiveChessVersion "1.4.7"]
[BlackElo "2571"]
[WhiteElo "2540"]

1. e4 {[%clk 1:30:57]} e5 {[%clk 1:30:50]} 2. Nf3 {[%clk 1:31:23]} Nc6
{[%clk 1:31:10]} 3. Bb5 {[%clk 1:31:50]} f5 {[%clk 1:31:27]} 4. d3
{[%clk 1:31:21]} fxe4 {[%clk 1:31:39]} 5. dxe4 {[%clk 1:31:49]} Nf6
{[%clk 1:31:57]} 6. O-O {[%clk 1:31:51]} d6 {[%clk 1:32:14]} 7. Bc4
{[%clk 1:21:25]} Bg4 {[%clk 1:27:35]} 8. h3 {[%clk 1:21:06]} Bh5 {[%clk 1:27:57]}
9. Nc3 {[%clk 1:20:49]} Qd7 {[%clk 1:25:22]} 10. Be3 {[%clk 1:11:08]} Be7
{[%clk 1:18:07]} 11. Re1 {[%clk 0:59:14]} h6 {[%clk 1:07:31]} 12. b4
{[%clk 0:44:08]} Nxb4 {[%clk 0:58:46]} 13. Rb1 {[%clk 0:43:34]} Bxf3
{[%clk 0:54:45]} 14. Qxf3 {[%clk 0:26:18]} Nxc2 {[%clk 0:53:36]} 15. Rxb7
{[%clk 0:19:55]} Nxe1 {[%clk 0:53:22]} 16. Qd1 {[%clk 0:20:16]} Qc8
{[%clk 0:48:47]} 17. Qb3 {[%clk 0:19:41]} Kf8 {[%clk 0:40:58]} 18. Nd5
{[%clk 0:11:03]} Nxd5 {[%clk 0:39:52]} 19. Bxd5 {[%clk 0:11:32]} g6
{[%clk 0:30:34]} 20. Be6 {[%clk 0:11:02]} Qd8 {[%clk 0:27:48]} 21. Qc3
{[%clk 0:10:39]} Kg7 {[%clk 0:26:20]} 22. Rxc7 {[%clk 0:10:46]} Kf6
{[%clk 0:26:40]} 23. Bd5 {[%clk 0:10:04]} Rc8 {[%clk 0:25:01]} 24. Rxc8
{[%clk 0:09:05]} Qxc8 {[%clk 0:25:21]} 25. Qxe1 {[%clk 0:09:28]} Qc7
{[%clk 0:23:45]} 26. g3 {[%clk 0:04:04]} Kg7 {[%clk 0:23:17]} 27. h4
{[%clk 0:04:29]} Bd8 {[%clk 0:21:59]} 28. Qb4 {[%clk 0:04:06]} Qd7
{[%clk 0:22:01]} 29. Kg2 {[%clk 0:03:15]} Bb6 {[%clk 0:20:38]} 30. Bxb6
{[%clk 0:03:29]} Rb8 {[%clk 0:20:54]} 31. Qc3 {[%clk 0:02:12]} axb6
{[%clk 0:18:32]} 32. Qc4 {[%clk 0:02:10]} b5 {[%clk 0:18:29]} 33. Qe2
{[%clk 0:01:58]} Qa7 {[%clk 0:18:31]} 34. h5 {[%clk 0:01:50]} gxh5
{[%clk 0:18:08]} 35. Qxh5 {[%clk 0:02:09]} Rf8 {[%clk 0:18:23]} 36. Qe2
{[%clk 0:02:04]} Qd7 {[%clk 0:17:48]} 37. Qh5 {[%clk 0:01:49]} Qe7
{[%clk 0:17:58]} 38. Qg4+ {[%clk 0:01:58]} Kh8 {[%clk 0:18:08]} 39. Qe2
{[%clk 0:01:52]} Qf6 {[%clk 0:16:47]} 1/2-1/2

[Event "High League 2022 men"]
[Site "Obninsk"]
[Date "2022.07.02"]
[Round "6.5"]
[White "Alekseev, Evgeny"]
[Black "Rakhmanov, Aleksandr"]
[Result "1/2-1/2"]
[LiveChessVersion "1.4.7"]
[BlackElo "2635"]
[WhiteElo "2601"]

1. c4 {[%clk 1:30:55]} e5 {[%clk 1:29:15]} 2. g3 {[%clk 1:28:25]} Nf6
{[%clk 1:26:28]} 3. Bg2 {[%clk 1:26:37]} d5 {[%clk 1:25:05]} 4. cxd5
{[%clk 1:25:33]} Nxd5 5. Nc3 {[%clk 1:19:53]} Nxc3 {[%clk 1:25:26]} 6. bxc3
{[%clk 1:19:22]} Nc6 7. Nf3 {[%clk 1:00:28]} Bc5 {[%clk 1:24:27]} 8. O-O
{[%clk 0:55:40]} O-O 9. d3 {[%clk 0:45:42]} h6 {[%clk 1:21:04]} 10. e3
{[%clk 0:44:42]} Qe7 {[%clk 1:16:06]} 11. d4 {[%clk 0:43:19]} Rd8
{[%clk 1:15:52]} 12. Nd2 {[%clk 0:42:46]} Bb6 {[%clk 1:07:56]} 13. a4
{[%clk 0:42:27]} Na5 {[%clk 1:08:09]} 14. Ba3 Qe8 {[%clk 1:01:55]} 15. Qc2
{[%clk 0:36:55]} c6 {[%clk 0:47:21]} 16. Bb4 Be6 {[%clk 0:45:07]} 17. Bxa5
{[%clk 0:31:27]} Bxa5 {[%clk 0:45:28]} 18. dxe5 Qe7 {[%clk 0:44:53]} 19. Rab1
{[%clk 0:25:04]} b6 {[%clk 0:41:27]} 20. Nf3 {[%clk 0:17:55]} c5 21. Nd2 Rac8
{[%clk 0:37:50]} 22. Rfd1 {[%clk 0:16:21]} c4 {[%clk 0:32:03]} 23. Ne4
{[%clk 0:15:11]} Rd3 {[%clk 0:17:09]} 24. Rxd3 {[%clk 0:12:51]} cxd3
{[%clk 0:17:28]} 25. Qxd3 {[%clk 0:13:20]} Qa3 {[%clk 0:17:25]} 26. Qd1 1/2-1/2

[Event "High League 2022 men"]
[Site "Obninsk"]
[Date "2022.07.02"]
[Round "6.6"]
[White "Shubin, Kirill"]
[Black "Riazantsev, Alexander"]
[Result "1/2-1/2"]
[LiveChessVersion "1.4.7"]
[BlackElo "2635"]
[WhiteElo "2475"]

1. e4 {[%clk 1:30:58]} c5 {[%clk 1:30:53]} 2. Nf3 {[%clk 1:31:20]} e6
{[%clk 1:31:10]} 3. g3 {[%clk 1:31:14]} Nc6 {[%clk 1:31:12]} 4. Bg2
{[%clk 1:31:40]} Nf6 {[%clk 1:31:27]} 5. Qe2 {[%clk 1:32:04]} e5 {[%clk 1:30:45]}
6. O-O {[%clk 1:32:10]} Be7 {[%clk 1:30:55]} 7. d3 {[%clk 1:32:19]} d6
{[%clk 1:27:50]} 8. h3 {[%clk 1:32:09]} O-O {[%clk 1:27:32]} 9. c4
{[%clk 1:32:31]} Bd7 {[%clk 1:20:11]} 10. Nc3 {[%clk 1:32:22]} Nd4
{[%clk 1:19:07]} 11. Nxd4 {[%clk 1:32:28]} cxd4 {[%clk 1:19:30]} 12. Nd5
{[%clk 1:32:47]} Nxd5 {[%clk 1:16:24]} 13. exd5 {[%clk 1:29:58]} f5
{[%clk 0:57:48]} 14. f4 {[%clk 1:26:50]} Qc7 {[%clk 0:57:57]} 15. b4
{[%clk 1:15:36]} Bf6 {[%clk 0:48:01]} 16. fxe5 {[%clk 1:14:22]} Bxe5
{[%clk 0:33:25]} 17. Bf4 Bxf4 18. gxf4 {[%clk 1:14:37]} a5 {[%clk 0:33:08]} 19.
a3 {[%clk 1:14:48]} Rfe8 {[%clk 0:24:56]} 20. Qb2 {[%clk 1:13:39]} axb4
{[%clk 0:23:12]} 21. axb4 {[%clk 1:13:55]} Qb6 {[%clk 0:22:56]} 22. Rxa8
{[%clk 1:10:58]} Rxa8 {[%clk 0:23:25]} 23. Re1 {[%clk 1:11:02]} Ra4
{[%clk 0:21:36]} 24. Qf2 {[%clk 1:09:34]} Ra8 {[%clk 0:13:24]} 25. Qg3
{[%clk 1:03:29]} Re8 {[%clk 0:04:30]} 26. Rxe8+ {[%clk 1:03:33]} Bxe8
{[%clk 0:04:59]} 27. Qe1 {[%clk 1:03:42]} Kf8 {[%clk 0:05:24]} 28. Qe6
{[%clk 0:52:52]} Qxb4 {[%clk 0:05:33]} 29. Qxf5+ {[%clk 0:53:16]} Bf7
{[%clk 0:04:36]} 30. Qxh7 {[%clk 0:53:26]} Qe1+ {[%clk 0:05:03]} 31. Kh2
{[%clk 0:53:33]} Qf2 {[%clk 0:05:29]} 32. Qf5 {[%clk 0:53:29]} b6
{[%clk 0:05:21]} 33. Qg5 {[%clk 0:53:15]} Be8 {[%clk 0:04:21]} 34. f5
{[%clk 0:47:38]} Kg8 {[%clk 0:03:45]} 35. Qg3 {[%clk 0:38:17]} Qxg3+
{[%clk 0:02:49]} 36. Kxg3 {[%clk 0:38:42]} b5 {[%clk 0:02:15]} 37. cxb5
{[%clk 0:38:23]} 1/2-1/2

[Event "High League 2022 men"]
[Site "Obninsk"]
[Date "2022.07.02"]
[Round "6.7"]
[White "Shuvalova, Polina"]
[Black "Lysyj, Igor"]
[Result "1/2-1/2"]
[LiveChessVersion "1.4.7"]
[BlackElo "2604"]
[WhiteElo "2498"]

1. e4 {[%clk 1:30:11]} e5 {[%clk 1:30:54]} 2. Nf3 {[%clk 1:30:33]} Nc6
{[%clk 1:31:20]} 3. Nc3 {[%clk 1:30:58]} Nf6 {[%clk 1:31:46]} 4. d4
{[%clk 1:31:23]} exd4 {[%clk 1:32:11]} 5. Nxd4 {[%clk 1:31:49]} Bb4
{[%clk 1:32:33]} 6. Nxc6 {[%clk 1:32:09]} bxc6 {[%clk 1:32:54]} 7. Bd3
{[%clk 1:32:25]} O-O {[%clk 1:32:58]} 8. O-O {[%clk 1:32:46]} d5 {[%clk 1:33:24]}
9. exd5 {[%clk 1:33:10]} cxd5 {[%clk 1:33:47]} 10. h3 {[%clk 1:33:24]} c6
{[%clk 1:34:00]} 11. Qf3 {[%clk 1:33:47]} Bd6 {[%clk 1:33:50]} 12. Re1
{[%clk 1:34:11]} Bd7 {[%clk 1:31:20]} 13. Bg5 {[%clk 1:28:58]} h6
{[%clk 1:30:45]} 14. Bh4 {[%clk 1:28:08]} Rb8 {[%clk 1:29:26]} 15. b3
{[%clk 1:26:14]} Re8 {[%clk 1:19:43]} 16. Rxe8+ {[%clk 1:22:28]} Qxe8
{[%clk 1:20:01]} 17. Rd1 {[%clk 1:19:19]} Qe5 {[%clk 1:14:27]} 18. Bg3
{[%clk 1:18:30]} Qe7 {[%clk 1:14:48]} 19. Na4 {[%clk 1:14:26]} Re8
{[%clk 1:09:55]} 20. c4 {[%clk 1:00:32]} d4 {[%clk 0:55:56]} 21. Bxd6
{[%clk 0:47:58]} Qxd6 {[%clk 0:56:18]} 22. Bf5 {[%clk 0:45:15]} Bxf5
{[%clk 0:37:34]} 23. Qxf5 {[%clk 0:45:06]} Re5 {[%clk 0:38:00]} 24. Qc8+
{[%clk 0:30:39]} Re8 {[%clk 0:38:22]} 25. Qf5 {[%clk 0:30:51]} Qa3
{[%clk 0:27:44]} 26. Rxd4 {[%clk 0:30:09]} Qxa2 {[%clk 0:26:17]} 27. Qf3
{[%clk 0:28:10]} Qa1+ 28. Rd1 {[%clk 0:25:39]} Re1+ {[%clk 0:17:26]} 29. Rxe1
{[%clk 0:26:05]} Qxe1+ {[%clk 0:17:52]} 30. Kh2 {[%clk 0:26:31]} Ne4
{[%clk 0:18:14]} 31. Qf5 {[%clk 0:25:32]} Nxf2 {[%clk 0:18:08]} 32. Qc8+
{[%clk 0:25:57]} Kh7 {[%clk 0:18:35]} 33. Qf5+ {[%clk 0:26:14]} Kg8
{[%clk 0:19:02]} 34. Qc8+ {[%clk 0:26:40]} Kh7 1/2-1/2